000 00379pab a2200157 454500
008 180718b2011 xxu||||| |||| 00| 0 eng d
100 _aVandemoortele, Jan
245 _aThe MDG story: Intention denied
260 _c2011
300 _ap.1-21.
362 _aJan
650 _aMillennium Development Goals
773 _aDevelopment and Change
908 _aN
909 _a91832
999 _c91832
_d91832